| 000 | 00434nam a22001697a 4500 | ||
|---|---|---|---|
| 003 | MACL | ||
| 005 | 20160116134904.0 | ||
| 008 | 160116b xxu||||| |||| 00| 0 eng d | ||
| 040 | _cMACL | ||
| 041 | _aEnglish | ||
| 082 | _a330/DEB | ||
| 100 |
_aDebroy,Bibek _932858 |
||
| 245 | _aHabits of Highly Effective Countries Lessons For India | ||
| 260 |
_aDelhi _bKonark Publishers _c2008 |
||
| 650 |
_aEconomics _932859 |
||
| 942 |
_2ddc _cBK |
||
| 999 |
_c52615 _d52615 |
||